|
|
|
|
| LEADER |
00000nbm0a2200000 4500 |
| 001 |
168657 |
| 005 |
20231031163153.0 |
| 035 |
|
|
|a (RuTPU)RU\TPU\book\182973
|
| 090 |
|
|
|a 168657
|
| 100 |
|
|
|a 20091030d1973 k y0rusy50 ca
|
| 101 |
0 |
|
|a rus
|
| 102 |
|
|
|a RU
|
| 105 |
|
|
|a a p 001zy
|
| 200 |
1 |
|
|a Исследование связи процессов гибели радикалов и изменения величины электропроводности облученного полиэтилена
|e Отчет о НИР
|f Томский политехнический институт (ТПИ) ; руководитель А. П. Арьянов ; Г. П. Антипин
|
| 210 |
|
|
|a Томск
|d 1973
|
| 215 |
|
|
|a 31 л.
|
| 320 |
|
|
|a Библиогр.: с. 31.
|
| 610 |
1 |
|
|a отчеты о НИР
|
| 610 |
1 |
|
|a радикалы
|
| 610 |
1 |
|
|a электропроводность
|
| 610 |
1 |
|
|a полиэтилен
|
| 610 |
1 |
|
|a облучение
|
| 610 |
1 |
|
|a электроны
|
| 675 |
|
|
|a 537.3(04)
|v 3
|
| 702 |
|
1 |
|a Арьянов
|b А. П.
|4 673
|
| 702 |
|
1 |
|a Антипин
|b Г. П.
|4 677
|
| 712 |
0 |
2 |
|a Томский политехнический институт (ТПИ)
|c (1944-1991)
|2 stltpush
|3 (RuTPU)RU\TPU\col\1123
|4 595
|
| 801 |
|
1 |
|a RU
|b 63413507
|c 20091030
|
| 801 |
|
2 |
|a RU
|b 63413507
|c 20091030
|g RCR
|
| 942 |
|
|
|c BK
|